| 000 | 00581nam a2200193 4500 | ||
|---|---|---|---|
| 003 | OSt | ||
| 005 | 20221116143400.0 | ||
| 008 | 221111b |||||||| |||| 00| 0 eng d | ||
| 040 | _cBiblioteca Lado V | ||
| 082 |
_a779 _bS774b |
||
| 100 |
_9428 _aStreak, Greg _efotografo |
||
| 245 | _aBlind Spaces/ | ||
| 260 |
_c2005 _bPulse |
||
| 300 |
_a45p. _c24x19cm |
||
| 650 |
_2Tesauro de Arte & Arquitectura _aFOTOGRAFIA |
||
| 650 |
_2Tesauro de Arte & Arquitectura _aPERSONAS |
||
| 650 |
_2Tesauro de Arte & Arquitectura _aCIUDAD |
||
| 942 |
_2ddc _c1 _h779 _iS774b _n0 |
||
| 999 |
_c2643 _d2643 |
||